000 00642nam a2200229 4500
005 20251008054100.0
020 _a8175341463
_cTZ 6,446/=
040 _aMCCL
_beng.
_eAACR 2nd rev.ed.
082 _a342.102 HEU
100 _aHeuston,R.F.V
245 _aEssays in constitutional law
_c/ R.F.V.Heuston
250 _a2nd ed.
260 _aNew Delhi :
_bUniversal law publishing co.pvt.ltd.;
_cc 1964.
300 _axi, 204 p. :
_c22 cm.
504 _aIncludes index.
546 _aeng.
650 _aCivil disorder
650 _aLegitimacy
_zAdministrative law
650 _aConstitutional law
700 _aHeuston,R.F.V
942 _cBK
999 _c12249
_d12249